Central Library OPAC University of Rajshahi

Jacob's Room / (Record no. 83536)

MARC details
000 -LEADER
fixed length control field 00607nam a2200217 a 4500
001 - CONTROL NUMBER
control field 83536
003 - CONTROL NUMBER IDENTIFIER
rucl marc code BD-RjUL
005 - DATE AND TIME OF LATEST TRANSACTION
control field 20240418122506.0
008 - FIXED-LENGTH DATA ELEMENTS--GENERAL INFORMATION
fixed length control field 240418r19601945enk||||| |||| 00| 0 eng d
035 ## - SYSTEM CONTROL NUMBER
System control number (BD-RjUL)83536
040 ## - CATALOGING SOURCE
Original cataloging agency BD-RjUL
Language of cataloging eng
Transcribing agency BD-RjUL
041 ## - LANGUAGE CODE
Language code of text/sound track or separate title eng
082 ## - DEWEY DECIMAL CLASSIFICATION NUMBER
Edition number 23
Classification number 823
Author mark and year WOJ 1954
100 ## - MAIN ENTRY--PERSONAL NAME
Personal name Woolf, Virginia
9 (RLIN) 12593
245 ## - TITLE STATEMENT
Title Jacob's Room /
Statement of responsibility, etc. Virginia Woolf
260 ## - PUBLICATION, DISTRIBUTION, ETC. (IMPRINT)
Place of publication, distribution, etc. London :
Name of publisher, distributor, etc. Hogarth Press,
Date of publication, distribution, etc. 1945, [reprinted 1954,1960]
300 ## - PHYSICAL DESCRIPTION
Pagination 176 p.;
Size 19 cm.
650 ## - SUBJECT ADDED ENTRY--TOPICAL TERM
Topical term or geographic name as entry element Angleterre Romans, nouvelles, etc
9 (RLIN) 12622
Topical term or geographic name as entry element England Fiction
9 (RLIN) 11605
942 ## - ADDED ENTRY ELEMENTS (KOHA)
Source of classification or shelving scheme Dewey Decimal Classification
Koha item type Books
Holdings
Lost status Source of classification or shelving scheme Damaged status Not for loan Collection code Permanent Location Current Location Shelving location Date acquired Source of acquisition Cost, normal purchase price Total Checkouts Full call number Date last seen Copy number Koha item type
  Dewey Decimal Classification   Not For Loan Fiction Central Library, University of Rajshahi Central Library, University of Rajshahi Reading Room 07/08/1956 B.H. Blackwell ltd. 0.76   823 WOJ 1954 18/04/2024 C-1 Books
  Dewey Decimal Classification     Fiction Central Library, University of Rajshahi Central Library, University of Rajshahi General Stacks 12/03/1960 Zeitlinger 10.60   823 WOJ 1960 18/04/2024 C-2 Books
  Dewey Decimal Classification     Fiction Central Library, University of Rajshahi Central Library, University of Rajshahi General Stacks 06/04/1956 A.B.C 6.10   823 WOJ 954 18/04/2024 C-3 Books